00534cam a2200169Ka 4500008004100000020002500041100002400066245007200090260005400162300003400216500002000250504004100270650002600311003000100337005001700338040000900355  a9781842654712 (hbk.)1 aCooray, T. M. J. A.10aApplied time series :banalysis and forecasting /cT.M.J.A. Cooray. aOxford :bAlpha Science International Ltd,c2008. axiv, 280 p. :bill. ;c25 cm. aIncludes index. aIncludes bibliographical references. 0aTime-series analysis.20230123122037.0 cNUST